书目信息 |
| 题名: |
新兴的数字经济
|
|
| 作者: | 沈志斌 , 郭志强 主译 | |
| 分册: | ||
| 出版信息: | 北京 中国友谊出版公司 1999.09 |
|
| 页数: | 211页 | |
| 开本: | 32开 | |
| 丛书名: | ||
| 单 册: | ||
| 中图分类: | F113.4 | |
| 科图分类: | ||
| 主题词: | 经济--世界 , 国际经济关系 | |
| 电子资源: | ||
| ISBN: | 7-5057-1580-1 | |
| 000 | 00633nam0 2200217 45 | |
| 001 | 0008111739 | |
| 005 | 20000811171602.8 | |
| 010 | @a7-5057-1580-1@d13.00元 | |
| 100 | @a20000811d1999 km y0chiy0120 ea | |
| 101 | 0 | @achi |
| 105 | @a z 000yy | |
| 200 | 1 | @a新兴的数字经济@AXin Xing De Shu Zi Jing Ji@f沈志斌,郭志强主译@FShen Zhi Bin,Guo Zhi Qiang Zhu Yi |
| 210 | @a北京@c中国友谊出版公司@d1999.09 | |
| 215 | @a211页@d32开 | |
| 606 | 0 | @a经济@x世界 |
| 606 | 0 | @a国际经济关系 |
| 690 | @aF113.4@v3 | |
| 701 | 0 | @a沈志斌@4主译 |
| 701 | 0 | @a郭志强@4主译 |
| 801 | @aCN@bPftUser@c20000811 | |
| 905 | @b104651-655@dF113.4@eSH:982@f5 | |
| 新兴的数字经济/沈志斌,郭志强主译.-北京:中国友谊出版公司,1999.09 |
| 211页;32开 |
| ISBN 7-5057-1580-1:13.00元 |
| ● |
| 相关链接 |
|
|
|
正题名:新兴的数字经济
索取号:F113.4/SH:982
 
预约/预借
| 序号 | 登录号 | 条形码 | 馆藏地/架位号 | 状态 | 备注 |
| 1 | 104651 | 201046518 | 社科库409/422社科库 38排2列4层/ [索取号:F113.4/SH:982] | 在馆 | |
| 2 | 104652 | 201046527 | 社科库409/409社科库 66排4列5层/ [索取号:F113.4/SH:982] | 在馆 | |
| 3 | 104653 | 201046536 | 社科库409/422社科库 38排4列5层/ [索取号:F113.4/SH:982] | 在馆 | |
| 4 | 104654 | 201046545 | 社科二线422/409社科库 66排4列5层/ [索取号:F113.4/SH:982] | 在馆 | |
| 5 | 104655 | 201046554 | 社科二线422/422社科库 44排1列1层/ [索取号:F113.4/SH:982] | 在馆 |